Evénements du 26 janvier - Statistiques

Statistiques générales
  • Ce quiz a été pris 40 fois
  • Le résultat moyen est 5 sur 15
Statistiques - réponses
Hint Réponse % Correct
Naissance des Mouvements Unis de la Résistance 1943
66%
Vaclav Havel devient président de la Tchéquie 1993
56%
Naissance de l'acteur Paul Newman 1925
47%
Naissance du futur militaire et roi de Suède Bernadotte 1763
44%
Naissance de Michel Delpech, chanteur 1946
44%
Naissance de l'écrivain Eugène Sue 1804
38%
Naissance de l'impresario Eddy Barclay 1921
34%
Hong-Kong devient territoire britannique 1841
31%
Fondation de la Banque d'Amsterdam 1609
28%
1ère séance de télévision à Londres 1926
28%
Séisme à Lisbonne. 30000 morts 1531
25%
Le Michigan devient le 26e état des Etats-Unis 1837
25%
Naissance du général Charles Dumouriez 1739
22%
Découverte du diamant Cullinan en Afrique-du-Sud, le plus gros jamais trouvé 1905
22%
Arrivée des premiers Européens en Australie 1788
16%
Aucun quiz correspondant
Distribution des résultats
% des personnes avec chaque résultat
Percentile par nombre de réponses
Votre historique - résultats
Vous n’avez pas pris ce quiz